Membros do Seventeen - Statistics

Estatísticas Gerais
  • Esse quiz foi jogado 21 vezes
  • A pontuação média é 11 de 13
Estatísticas das Respostas
Resposta % Correto
DK
86%
Hoshi
86%
Joshua
86%
S.Coups
86%
The 8
86%
Vernon
86%
Woozi
86%
Dino
81%
Jun
81%
Jeonghan
76%
Seungkwan
76%
Mingyu
71%
Wonwoo
67%
Nenhum quiz correspondente encontrado
Distribuição das Pontuações
Porcentagem de Pessoas com Cada Pontuação
Percentil de Números Respondidos
Sua Pontuação Histórica
Você não jogou esse quiz